000 00431nam a22001697a 4500
003 NUST - PNEC
005 20170116181152.0
008 151202b xxu||||| |||| 00| 0 eng d
020 _a8187966041
040 _cLIBRARY
082 _a876.15
100 _915514
_aJasjit Singh
245 _aOil and gas in India's security
_cSingh Jasjit
260 _cc2001.
650 _915515
_aNational security
_xGeneral
942 _2ddc
_cBK
999 _c70996
_d70996